The noble scholar, jurist, historian


 His Excellency Dr. Abdul Wahhab bin Ibrahim Abu Sulaiman, may Allah have mercy on him.


 He was born in Umm Al-Qura in the year 1356 AH.

بذل المجهود في إفحام اليهود / (Record no. 8305)

MARC details
000 -LEADER
fixed length control field 01354cam a22002771i 4500
003 - CONTROL NUMBER IDENTIFIER
control field SA-RiAUC
005 - DATE AND TIME OF LATEST TRANSACTION
control field 20250523174106.0
008 - FIXED-LENGTH DATA ELEMENTS--GENERAL INFORMATION
fixed length control field 250514s1989 sy g b 00000 ara c
040 ## - CATALOGING SOURCE
Original cataloging agency SA-RiAUC
Language of cataloging ara
Transcribing agency SA-RiAUC
Description conventions rda
082 04 - DEWEY DECIMAL CLASSIFICATION NUMBER
Classification number 214.296
Assigning agency SA-RiAUC
090 ## - LOCALLY ASSIGNED LC-TYPE CALL NUMBER (OCLC); LOCAL CALL NUMBER (RLIN)
Classification number (OCLC) (R) ; Classification number, CALL (RLIN) (NR) 214.296
Local cutter number (OCLC) ; Book number/undivided call number, CALL (RLIN) س م و
100 0# - MAIN ENTRY--PERSONAL NAME
Personal name السموأل بن يحيى بن عباس المغربي،
Dates associated with a name 525-حوالي 570 هجري
Relator term مؤلف.
245 10 - TITLE STATEMENT
Title بذل المجهود في إفحام اليهود /
Statement of responsibility, etc. السموآل بن يحيى بن عباس ؛ قدم له وخرج نصوصه وعلق عليه عبد الوهاب طويلة.
250 ## - EDITION STATEMENT
Edition statement الطبعة الأولى.
264 #1 - PRODUCTION, PUBLICATION, DISTRIBUTION, MANUFACTURE, AND COPYRIGHT NOTICE
Place of production, publication, distribution, manufacture دمشق :
-- بيروت :
Name of producer, publisher, distributor, manufacturer دار القلم للطباعة والنشر والتوزيع ؛
-- الدار الشامية للطباعة والنشر والتوزيع،
Date of production, publication, distribution, manufacture, or copyright notice 1989
300 ## - PHYSICAL DESCRIPTION
Extent 216 صفحة ؛
Dimensions 24 سم
336 ## - CONTENT TYPE
Content type term نص
Content type code txt
Source rdacontent
Materials specified كتاب
337 ## - MEDIA TYPE
Media type term بدون وسيط
Media type code n
Source rdamedia
338 ## - CARRIER TYPE
Carrier type term مجلد
Carrier type code nc
Source rdacarrier
504 ## - BIBLIOGRAPHY, ETC. NOTE
Bibliography, etc. note يشتمل على إرجاعات ببليوجرافية.
650 #7 - SUBJECT ADDED ENTRY--TOPICAL TERM
Topical term or geographic name entry element الإسلام واليهودية
Source of heading or term aucsh
650 #7 - SUBJECT ADDED ENTRY--TOPICAL TERM
Topical term or geographic name entry element الإسلام والديانات الأخرى
Source of heading or term aucsh
700 1# - ADDED ENTRY--PERSONAL NAME
Personal name طويلة، عبد الوهاب عبد السلام
Relator term مقدم.
942 ## - ADDED ENTRY ELEMENTS (KOHA)
Source of classification or shelving scheme Dewey Decimal Classification
Koha item type Books
Suppress in OPAC No
949 ## - LOCAL PROCESSING INFORMATION (OCLC)
a SA-JeALM
d 250514
u mohamedma123
n 1
Holdings
Withdrawn status Lost status Source of classification or shelving scheme Damaged status Not for loan Home library Current library Date acquired Total checkouts Full call number Barcode Date last seen Price effective from Koha item type
    Dewey Decimal Classification     DR AbdElwahab Library DR AbdElwahab Library 05/23/2025   214.296 س م و 000013529 05/23/2025 05/23/2025 Books